Antimatter Dimensions General Knowledge - Pre-Reality - Statistics

General Stats
  • This quiz has been taken 22 times
  • The average score is 14 of 15
Answer Stats
Hint Answer % Correct
The first type of dimension; also the name of the game Antimatter Dimensions
100%
Resets all of the two above, but gives a boost to tickspeed upgrades Antimatter Galaxy
100%
The first level of prestige, resets your dimensions for a boost Dimension Boost
100%
In this game, it is equal to 1.8e308, as well being as a type of dimension Infinity
100%
A funny little thing at the top of the screen that sends random messages News Ticker
100%
Whenever you reach 1.8e308 antimatter, you have to do what? Big Crunch
95%
Another major prestige layer, unlocked after reaching 1.8e308 Infinity Points Eternity
95%
A feature unlocked at 1e140 Infinity Points that boosts Infinity Dimensions as well as providing access to a new type of galaxy Replicanti
95%
The "skill tree" provides access to this new type of run, raising all boosts to a power of 0.75 in exchange for a valuable currency Time Dilation
95%
The currency in turn produced by the above Dilated Time
85%
After getting 5 of the above, you can reset your automatically produced dimensions for a boost Dimension Sacrifice
85%
The final four of these require an extreme amount of Time Theorems to purchase, but the first four don't Time Dimensions
85%
The middle ground of the second split in the above, providing mediocre boosts quickly overshadowed by its two alternatives Passive
80%
A "skill tree" that costs Time Theorems to progress through Time Studies
80%
The currency acquired by completing the above Tachyon Particles
75%
No matching quizzes found
Score Distribution
Percent of People with Each Score
Percentile by Number Answered
Your Score History
You have not taken this quiz